00757 a2200157 450000500170000002000180001708200160003510000180005124501590006926000400022830000250026894200130029399900150030695201390032195201390046020250619155108.0 a9987-617-85-9 a001.43 MAN aMANYILIZU, B. aAn Introduction to Quantitative and Qualitative Techniques: A Handbook for Research Beginners and Students in Higher Learning Institutions aMzumbe,b Mzumbe University,c2008. axviii, 122p.:c19cm. 2ddccBKS c4403d4403 r2025-06-19 10:35:43l0o001.43 MANp00000013174v732000.00w2025-06-19yBKS102ddc407000aCBEMLbCBEMLcGENd2025-04-04g24400.00 r2025-06-19 10:35:43l0o001.43 MANp00000013175v732000.00w2025-06-19yBKS102ddc407000aCBEMLbCBEMLcGENd2025-04-04g24400.00